01561cam a22003734a 4500952014400000999001700144001000900161003000400170005001700174008004100191010001700232020001800249020001500267025002400282037006300306040001400369042001000383043001200393050002500405082002300430100005800453245012500511260004000636300002600676500003300702504006600735650006200801650007100863650007300934650003301007650005001040906004501090942005201135 00102ddc40708RELIGIONaMESbMEScRELIGIONd2019-02-20g750.00l0o281.5095483 ZAC/Sp32049r2019-02-20 00:00:00w2019-02-20yBKzGL48R1 c21193d2119314583381OSt20200611102826.0061004s2006 ii bs 001 0 eng  a 2006542635 a9788125030096 a8125030093 aI-E-2006-542635; 13 bLibrary of Congress -- New Delhi Overseas OfficecRs750.00 aDLCcoclc alcode aa-ii---00aDS432.S965bZ34 2006 a281.5095483bZAC/S aZachariah, K Cq(Kunniparampil Curien),d1924-9102514aThe Syrian Christians of Kerala :bdemographic and socio-economic transition in the twentieth century /cK.C. Zachariah. aNew Delhi :bOrient Longman,c2006. axvi, 300 p. ;c22 cm. aIncludes statistical tables. aIncludes bibliographical references (p. [229]-231) and index. 0aSyriac ChristianszIndiazKeralaxPopulationvStatistics. 0aSyriac ChristianszIndiazKeralaxSocial conditionsy20th century. 0aSyriac ChristianszIndiazKeralaxEconomic conditionsy20th century. 0aChristianityzIndiazKerala. 0aKerala (India)xChurch historyy20th century. a7bcbccorigoded2encipf20gy-gencatlg 2ddccBKh281.5095483iZAC/Sk281.5095483mZAC/S